| 000 | 01526nam a2200385 a 4500 | ||
|---|---|---|---|
| 001 | ebr10671160 | ||
| 003 | CaPaEBR | ||
| 006 | m u | ||
| 007 | cr cn||||||||| | ||
| 008 | 090108s2009 nyuad sb 001 0 eng d | ||
| 010 | _z 2008056001 | ||
| 020 | _z160741029X | ||
| 020 | _z9781607410294 | ||
| 020 | _z9781613240762 (e-book) | ||
| 040 |
_aCaPaEBR _cCaPaEBR |
||
| 035 | _a(OCoLC)704276294 | ||
| 050 | 1 | 4 |
_aHD1415 _b.E25 2009eb |
| 082 | 0 | 4 |
_a338.1 _222 |
| 245 | 0 | 4 |
_aThe economics of natural and human resources in agriculture _h[electronic resource] / _cAyal Kimhi and Israel Finkelshtain, editors. |
| 260 |
_aNew York : _bNova Science Publishers, _cc2009. |
||
| 300 |
_avi, 353 p. : _bill. |
||
| 504 | _aIncludes bibliographical references and index. | ||
| 505 | 0 | _apt. A. Natural resources in agriculture -- pt. B. Human resources in agriculture. | |
| 533 |
_aElectronic reproduction. _bPalo Alto, Calif. : _cebrary, _d2013. _nAvailable via World Wide Web. _nAccess may be limited to ebrary affiliated libraries. |
||
| 650 | 0 |
_aAgriculture _xEconomic aspects. |
|
| 650 | 0 | _aWater resources development. | |
| 650 | 0 |
_aNatural resources _xManagement. |
|
| 650 | 0 | _aAgriculture and state. | |
| 650 | 0 | _aFarm management. | |
| 655 | 7 |
_aElectronic books. _2local |
|
| 700 | 1 |
_aKimhi, Ayal, _d1959- |
|
| 700 | 1 | _aFinkelshtain, Israel. | |
| 710 | 2 | _aebrary, Inc. | |
| 856 | 4 | 0 |
_uhttp://site.ebrary.com/lib/rucke/Doc?id=10671160 _zAn electronic book accessible through the World Wide Web; click to view |
| 999 |
_c176120 _d176120 |
||